| LEADER | 00717nam a22002057a 4500 | ||
|---|---|---|---|
| 001 | c000108090 | ||
| 003 | CARM | ||
| 005 | 19990215000000.0 | ||
| 008 | 990215s1977 enk 000 1 eng d | ||
| 019 | 1 | |a 14502557 |5 LACONCORD2021 | |
| 020 | |a 026309202X | ||
| 035 | |a (OCoLC)3802115 |5 LACONCORD2021 | ||
| 040 | |a VLINC |b eng |c VLINC | ||
| 100 | 1 | |a Winspear, Violet. | |
| 245 | 1 | 0 | |a Time of the temptress / |c by Violet Winspear. |
| 260 | |a London : |b Mills & Boon, |c 1977. | ||
| 300 | |a 187 p. | ||
| 852 | 8 | |b CARM |h A2:AJ05G0 |i A02245 |p 0155236 |f BK | |
| 999 | f | f | |i e6dd6932-49de-5b2d-b59a-6d0b30c1bd34 |s e2b819cc-87e3-5285-bee6-9d22499816ea |
| 952 | f | f | |p Can circulate |a CAVAL |b CAVAL |c CAVAL |d CARM 1 Store |e A02245 |f A2:AJ05G0 |h Other scheme |i book |m 0155236 |